000 00377 a2200169 4500
001 192346
020 _a978-85-422-0690-6
040 _cMagnum
100 _aFerreira, Leila
240 1 0 _aQue ninguém nos ouça
_lpor
245 1 0 _aQue ninguém nos ouça
300 _a240
362 0 _a2016
440 1 _aPlaneta do Brasil
697 _aLITERATURA JUVENIL
942 _cBK
999 _c192346
_d192346